000
00258nam a2200109Ia 4500
008
240625s9999 xx 000 0 und d
041
_a
eng
082
_a
658.15 GUP
100
_a
GUPTA J B
245
_a
STRATEGIC FINANCIAL MANAGEMENT WORKBOOK
260
_c
2010
999
_c
34750
_d
34750